Globalization And Its Discontents / (Record no. 4838)
[ view plain ]
| 000 -LEADER | |
|---|---|
| fixed length control field | 01335nac a22002891u 4500 |
| 008 - FIXED-LENGTH DATA ELEMENTS--GENERAL INFORMATION | |
| fixed length control field | 111124s2003 nyu|||||r|||| 001 0 eng d |
| 010 ## - LIBRARY OF CONGRESS CONTROL NUMBER | |
| LC control number | 2004274770 |
| 020 ## - INTERNATIONAL STANDARD BOOK NUMBER | |
| International Standard Book Number | 0393324397 (pbk.) |
| 020 ## - INTERNATIONAL STANDARD BOOK NUMBER | |
| International Standard Book Number | 9780393324396 |
| 035 ## - SYSTEM CONTROL NUMBER | |
| System control number | (OCoLC)ocm51938065 |
| 082 04 - DEWEY DECIMAL CLASSIFICATION NUMBER | |
| Classification number | 337 |
| Item number | STI |
| Edition number | 22 |
| 100 ## - MAIN ENTRY--PERSONAL NAME | |
| Personal name | Stiglitz, Joseph E. |
| 9 (RLIN) | 27884 |
| 245 10 - TITLE STATEMENT | |
| Title | Globalization And Its Discontents / |
| Statement of responsibility, etc | Joseph E. Stiglitz. |
| 260 ## - PUBLICATION, DISTRIBUTION, ETC. (IMPRINT) | |
| Place of publication, distribution, etc | New York : |
| Name of publisher, distributor, etc | W.W. Norton,c2003. |
| Date of publication, distribution, etc | c2003. |
| 300 ## - PHYSICAL DESCRIPTION | |
| Extent | xxii, 288 p. ; |
| Dimensions | 22 cm. |
| 500 ## - GENERAL NOTE | |
| General note | "With a new afterword"--Cover. |
| 504 ## - BIBLIOGRAPHY, ETC. NOTE | |
| Bibliography, etc | Includes bibliographical references (p. 259-274) and index. |
| 505 0# - FORMATTED CONTENTS NOTE | |
| Formatted contents note | The promise of global institutions -- Broken promises -- Freedom to choose? -- The East Asian crisis : how IMF policies brought the world to the verge of a global meltdown -- Who lost Russia? -- Unfair trade laws and other mischief -- Better roads to the market -- The IMF's other agenda -- The way ahead. |
| 610 20 - SUBJECT ADDED ENTRY--CORPORATE NAME | |
| Corporate name or jurisdiction name as entry element | International Monetary Fund |
| Geographic subdivision | Developing countries. |
| 9 (RLIN) | 27885 |
| 650 #0 - SUBJECT ADDED ENTRY--TOPICAL TERM | |
| Topical term or geographic name as entry element | International economic integration. |
| 9 (RLIN) | 27886 |
| 650 #0 - SUBJECT ADDED ENTRY--TOPICAL TERM | |
| Topical term or geographic name as entry element | International finance. |
| 9 (RLIN) | 27888 |
| 650 #0 - SUBJECT ADDED ENTRY--TOPICAL TERM | |
| Topical term or geographic name as entry element | Globalization |
| General subdivision | Economic aspects. |
| 9 (RLIN) | 27889 |
| 651 #0 - SUBJECT ADDED ENTRY--GEOGRAPHIC NAME | |
| Geographic name | United States |
| General subdivision | Commercial policy. |
| 9 (RLIN) | 27890 |
| 653 ## - INDEX TERM--UNCONTROLLED | |
| Resource For college | |
| Arrived date list | November2011 |
| 650 #0 - SUBJECT ADDED ENTRY--TOPICAL TERM | |
| 9 (RLIN) | 27887 |
| Topical term or geographic name as entry element | Foreign trade regulation |
| 942 ## - ADDED ENTRY ELEMENTS (KOHA) | |
| Item type | NB - Book (Non borrowing) |
| Call number prefix | 337 STI |
| Source of classification or shelving scheme | Dewey Decimal Classification |
| Withdrawn status | Item status | Source of classification or shelving scheme | Damaged status | Not for loan | Vendor | Home library | Current library | Shelving location | Date acquired | Source of acquisition | Cost, normal purchase price | Total Checkouts | Full call number | Barcode | Date last seen | Cost, replacement price | Koha item type | Total Renewals | Date last borrowed |
|---|---|---|---|---|---|---|---|---|---|---|---|---|---|---|---|---|---|---|---|
| Dewey Decimal Classification | Baccah | Central Library | Central Library | First floor | 25/09/2007 | 164.00 | 337 STI | 000005772 | 15/07/2025 | 205.00 | NB - Book (Non borrowing) | ||||||||
| Dewey Decimal Classification | Baccah | Central Library | Central Library | First floor | 24/11/2011 | 164.00 | 4 | 337 STI | 000005981 | 15/07/2025 | 205.00 | Book - Borrowing | 6 | 14/10/2017 | |||||
| Dewey Decimal Classification | Baccah | Central Library | Central Library | First floor | 24/11/2011 | 164.00 | 337 STI | 000010852 | 15/07/2025 | 205.00 | Book - Borrowing | ||||||||
| Dewey Decimal Classification | Baccah | Central Library | Central Library | First floor | 24/11/2011 | 164.00 | 2 | 337 STI | 000025717 | 15/07/2025 | 205.00 | Book - Borrowing | 2 | 08/10/2016 | |||||
| Dewey Decimal Classification | Baccah | Central Library | Central Library | First floor | 24/11/2011 | 164.00 | 2 | 337 STI | 000025718 | 15/07/2025 | 205.00 | Book - Borrowing | 5 | 27/10/2013 |